000 00405nam a2200145 i 4500
001 59501
003 ES-MaACL
005 20230906164037.0
007 t|
008 031029s1971 sp ||||1| spa d
245 0 0 _aEnseñanzas de capacitación agraria
_b: 1970-1971.
260 _aMadrid :
_b[Capacitación Agraria],
_c1971.
300 _a175 p. :
_bil. ;
_c24 cm.
852 _aES-MaACL
_jC-45022
_bR.77743
999 _c59501
_d59501